Disney star to Disney show - Statistics

General Stats
  • This quiz has been taken 40 times
  • The average score is 15 of 25
Answer Stats
star Answer % Correct
Miley Cyrus Hannah Montana
100%
Selena Gomez Wizards of waverly place
94%
Debby Ryan Jessie
92%
Peyton List jessie
92%
Ross Lynch Austin and ally
83%
Bella Thorne Shake it up
81%
Raven Symone That's so raven
81%
China Anne McClain Ant Farm
78%
Dove Cameron Liv and Maddie
75%
Demi Lovato Sonny with a chance
72%
Cole Sprouse Suite life of zack and cody
69%
Ashley Tisdale Suite life of zack and cody
69%
Bridgit Mendler Good Luck Charlie
61%
Madison Hu Bizaardvark
58%
Rowan Blanchard Girl Meets world
58%
Zendaya Kc Undercover
53%
Hilary Duff Lizzie Mcguire
53%
Brenda song Suite life on deck
53%
Karan Brar Bunk'd
47%
G Hannelius Dog with a blog
47%
Olivia Holt Kickin' it
33%
Fred Savage Boy Meets world
22%
Thomas Doherty The Lodge
19%
Paris Berelc Mighty Med
14%
Olivia Rodrigo High school musical the series
11%
No matching quizzes found
Score Distribution
Percent of People with Each Score
Percentile by Number Answered
Your Score History
You have not taken this quiz